00501nam a2200193 a 4500001001300000003000900013005001700022008003800039020000900077082001300086100002800099245003100127260001300158300000900171500003500180505004500215650001900260700002800279nice12345678IN_TiNIC20260116013023.0050524s1953 a grp 000 0 eng  ac4500a295bANK aAnklesaria, B Tehmurasp aHoly Gathas of Zarathustra abc1953 a257p aincludes index and biblioraphy2 aPersian and English. 96 Pages in Persian aZoroastrianism1 aAnklesaria, B Tehmurasp